Miasta w wielkopolskim poniżej 10k mieszkańców - Statystyki

Ogólne statystyki
  • Ten quiz został rozwiązany 20 razy
    8 od ostatniego zresetowania
  • Średni wynik to 36 z 74
Statystyki odpowiedzi
Powiat Miasto % Poprawnych
poznański Buk
80%
złotowski Jastrowie
80%
pilski Kaczory
80%
leszczyński Osieczna
80%
poznański Puszczykowo
80%
pilski Ujście
80%
pilski Wyrzysk
80%
rawicki Bojanowo
60%
chodzieski Budzyń
60%
śremski Dolsk
60%
wągrowiecki Gołańcz
60%
kolski Kłodawa
60%
poznański Kórnik
60%
poznański Kostrzyn
60%
gostyński Krobia
60%
kościański Krzywiń
60%
czarnkowsko-trzcianecki Krzyż Wielkopolski
60%
pilski Łobżenica
60%
chodzieski Margonin
60%
rawicki Miejska Górka
60%
wągrowiecki Mieścisko
60%
złotowski Okonek
60%
nowotomyski Opalenica
60%
leszczyński Rydzyna
60%
wągrowiecki Skoki
60%
poznański Stęszew
60%
chodzieski Szamocin
60%
czarnkowsko-trzcianecki Wieleń
60%
pilski Wysoka
60%
gostyński Borek Wielkopolski
40%
pleszewski Chocz
40%
gnieźnieński Czerniejewo
40%
kolski Dąbie
40%
turecki Dobra
40%
pleszewski Dobrzyca
40%
koniński Golina
40%
ostrzeszowski Grabów nad Prosną
40%
jarociński Jaraczewo
40%
rawicki Jutrosin
40%
gnieźnieński Kłecko
40%
koniński Kleczew
40%
krotoszyński Kobylin
40%
krotoszyński Koźmin Wielkopolski
40%
złotowski Krajenka
40%
śremski Książ Wielkopolski
40%
nowotomyski Lwówek
40%
ostrzeszowski Mikstat
40%
wrzesiński Miłosław
40%
wrzesiński Nekla
40%
ostrowski Nowe Skalmierzyce
40%
ostrowski Odolanów
40%
poznański Pobiedziska
40%
gostyński Pogorzela
40%
gostyński Poniec
40%
kolski Przedecz
40%
wrzesiński Pyzdry
40%
grodziski Rakoniewice
40%
ostrowski Raszków
40%
kępiński Rychtal
40%
koniński Rychwał
40%
międzychodzki Sieraków
40%
koniński Ślesin
40%
koniński Sompolno
40%
kaliski Stawiszyn
40%
gnieźnieński Trzemeszno
40%
turecki Tuliszków
40%
grodziski Wielichowo
40%
gnieźnieński Witkowo
40%
słupecki Zagórów
40%
nowotomyski Zbąszyń
40%
krotoszyński Zduny
40%
jarociński Żerków
40%
kaliski Opatówek
20%
krotoszyński Sulmierzyce
20%
Nie znaleziono quizów pasujących do podanych kryteriów
Rozkład punktacji
Procent ludzi z każdym wynikiem
Percentyl według liczby udzielonych odpowiedzi
Twoja historia wyników
Nie rozwiązałeś tego quizu od ostatniego zresetowania